№ 10; Стандарты и качество

التفاصيل البيبلوغرافية
Parent link:Стандарты и качество: международный журнал для профессионалов стандартизации и управления качеством/ РИА "Стандарты и качество". № 10.— .— Москва: РИА "Стандарты и качество", 1965-.— 0038-9692
الملخص:Текстовый файл
AM_Agreement
اللغة:الروسية
منشور في: 2025
الوصول للمادة أونلاين:https://www.elibrary.ru/contents.asp?id=82972477
التنسيق: MixedMaterials الكتروني كتاب
KOHA link:https://koha.lib.tpu.ru/cgi-bin/koha/opac-detail.pl?biblionumber=683994

MARC

LEADER 00000nam2a2200000 4500
001 683994
005 20251223155619.0
090 |a 683994 
100 |a 20251223d2025 k||y0rusy50 ca 
101 0 |a rus 
102 |a RU 
105 |a a z 000yy 
135 |a drcn ---uucaa 
181 0 |a i   |b  e  
182 0 |a b 
183 0 |a cr  |2 RDAcarrier 
200 0 |a № 10 
203 |a Текст  |c электронный  |b визуальный 
210 |d 2025 
283 |a online_resource  |2 RDAcarrier 
336 |a Текстовый файл 
371 0 |a AM_Agreement 
461 1 |0 380201  |9 380201  |t Стандарты и качество  |o международный журнал для профессионалов стандартизации и управления качеством  |f РИА "Стандарты и качество"  |c Москва  |n РИА "Стандарты и качество"  |d 1965-  |v № 10  |x 0038-9692 
801 0 |a RU  |b 63413507  |c 20251223  |g RCR 
850 |a 63413507 
856 4 0 |u https://www.elibrary.ru/contents.asp?id=82972477  |z https://www.elibrary.ru/contents.asp?id=82972477 
942 |c CF